<?xml version="1.0" encoding="UTF-8"?><?xml-stylesheet type="text/xsl" href="static/style.xsl"?><OAI-PMH xmlns="http://www.openarchives.org/OAI/2.0/" xmlns:xsi="http://www.w3.org/2001/XMLSchema-instance" xsi:schemaLocation="http://www.openarchives.org/OAI/2.0/ http://www.openarchives.org/OAI/2.0/OAI-PMH.xsd"><responseDate>2026-04-27T19:58:41Z</responseDate><request verb="GetRecord" identifier="oai:uvadoc.uva.es:10324/8037" metadataPrefix="marc">https://uvadoc.uva.es/oai/request</request><GetRecord><record><header><identifier>oai:uvadoc.uva.es:10324/8037</identifier><datestamp>2021-06-29T10:30:45Z</datestamp><setSpec>com_10324_38</setSpec><setSpec>col_10324_852</setSpec></header><metadata><record xmlns="http://www.loc.gov/MARC21/slim" xmlns:doc="http://www.lyncode.com/xoai" xmlns:xsi="http://www.w3.org/2001/XMLSchema-instance" xmlns:dcterms="http://purl.org/dc/terms/" xsi:schemaLocation="http://www.loc.gov/MARC21/slim http://www.loc.gov/standards/marcxml/schema/MARC21slim.xsd">
<leader>00925njm 22002777a 4500</leader>
<datafield tag="042" ind1=" " ind2=" ">
<subfield code="a">dc</subfield>
</datafield>
<datafield tag="720" ind1=" " ind2=" ">
<subfield code="a">Redondo Ballesteros, Marta Nazaret</subfield>
<subfield code="e">author</subfield>
</datafield>
<datafield tag="260" ind1=" " ind2=" ">
<subfield code="c">2014</subfield>
</datafield>
<datafield tag="520" ind1=" " ind2=" ">
<subfield code="a">J.R.R. Tolkien in Fantastic Literature aborda el papel y la influencia de J.R.R. Tolkien&#xd;
en lo que hoy se conoce como Fantasía Moderna. Explora la evolución de lo fantástico a&#xd;
lo través de los años asi como sus elementos más característicos y subgeneros siguiendo&#xd;
la distinción de Tzvetan Todorov y anotaciones de Rosemary Jackson. En primer lugar&#xd;
las obras de Tolkien son analizadas como una saga con un marco e historia común y&#xd;
posteriormente como parte de la tradición de la literatura fantástica. Las particularidades&#xd;
de sus obras y su contraste con obras más recientes junto con la opinión de escritores&#xd;
contemporáneos refuerzan su posición como el pionero de la Fantasía Moderna.</subfield>
</datafield>
<datafield tag="024" ind2=" " ind1="8">
<subfield code="a">http://uvadoc.uva.es/handle/10324/8037</subfield>
</datafield>
<datafield ind1=" " ind2=" " tag="653">
<subfield code="a">Tolkien, J. R. R. (1892-1973) - Crítica e interpretación</subfield>
</datafield>
<datafield ind1=" " ind2=" " tag="653">
<subfield code="a">Literatura fantástica - Historia y crítica</subfield>
</datafield>
<datafield tag="245" ind1="0" ind2="0">
<subfield code="a">J. R. R. Tolkien in fantastic literature</subfield>
</datafield>
</record></metadata></record></GetRecord></OAI-PMH>